000 00552nam a2200193Ia 4500
005 20250923145646.0
008 008 250917s9999 xx 000 0 eng d
037 _aTextual
040 _aDSWL
_beng
_cDSWL
041 _aeng
_2eng
084 _aX:9P4,5, N84
_qDSWL
245 0 _aEmployment of Disabled Persons : Manual on Selective Placement
_c by I.L.O.
260 _aGeneva
_bI.L.O.
_c1984
300 _axv,119 p.
365 _aINR
_b63.00
925 _g63.00
942 _cTEXL
_hX:9P4,5, N84
999 _c1454051
_d1454051